<?xml version="1.0" encoding="UTF-8"?>
<marc:record xmlns:marc="http://www.loc.gov/MARC21/slim">
   <marc:leader>00000nam a2200000 a 4500</marc:leader>
   <marc:datafield ind1="1" ind2=" " tag="100">
      <marc:subfield code="a">Böhm, Andrea</marc:subfield>
      <marc:subfield code="4">aut</marc:subfield>
      <marc:subfield code="e">Verfasser/-in</marc:subfield>
   </marc:datafield>
   <marc:datafield ind1=" " ind2=" " tag="653">
      <marc:subfield code="a">Alltag</marc:subfield>
   </marc:datafield>
   <marc:datafield ind1=" " ind2=" " tag="653">
      <marc:subfield code="a">Lebensbedingungen</marc:subfield>
   </marc:datafield>
   <marc:datafield ind1=" " ind2=" " tag="653">
      <marc:subfield code="a">Erlebnisbericht</marc:subfield>
   </marc:datafield>
   <marc:datafield ind1="0" ind2="0" tag="245">
      <marc:subfield code="a">Gott und die Krokodile</marc:subfield>
   </marc:datafield>
   <marc:datafield ind1="0" ind2="0" tag="245">
      <marc:subfield code="b">eine Reise durch den Kongo</marc:subfield>
   </marc:datafield>
   <marc:datafield ind1="0" ind2="0" tag="245">
      <marc:subfield code="c">Andrea Böhm</marc:subfield>
   </marc:datafield>
   <marc:datafield ind1=" " ind2="1" tag="264">
      <marc:subfield code="a">München</marc:subfield>
      <marc:subfield code="b">Pantheon</marc:subfield>
      <marc:subfield code="c">2011</marc:subfield>
   </marc:datafield>
   <marc:datafield ind1="1" ind2=" " tag="520">
      <marc:subfield code="a">Angaben aus der Verlagsmeldung

Gott und die Krokodile : Eine Reise durch den Kongo / von Andrea Böhm

Mitten ins Herz Afrikas

Andrea Böhm nimmt den Leser mit auf eine Entdeckungsreise durch den Kongo. Sie führt uns in die chaotische, vibrierende Hauptstadt Kinshasa. Sie folgt den Spuren eines afro-amerikanischen Missionars, der in den 1890er Jahren im Königreich der Kuba im Dschungel lebte, und begegnet mysteriösen Mayi-Mayi-Rebellen, die sich für unverwundbar halten. Sie begibt sich in die größten Diamantenfelder der Welt und in die zerrütteten Kivu-Provinzen im Osten des Landes, dem Schauplatz von »Afrikas erstem Weltkrieg«. Vor allem aber erzählt Andrea Böhm die Geschichten der Menschen, die ihr begegnen: Marktfrauen, die sich als Boxerinnen ein Zubrot verdienen; Musiker, die ihr Heil in Gott und Beethoven suchen; ein Kindersoldat, der mit seiner Mutter wieder vereint wird; Bergarbeiter, die mit bloßen Händen nach Bodenschätzen graben. Sie alle werden im täglichen Ausnahmezustand zu Meistern der Improvisation.

</marc:subfield>
   </marc:datafield>
   <marc:datafield ind1=" " ind2=" " tag="020">
      <marc:subfield code="a">9783570551257</marc:subfield>
      <marc:subfield code="9">9783570551257</marc:subfield>
   </marc:datafield>
   <marc:datafield ind1=" " ind2=" " tag="041">
      <marc:subfield code="a">ger</marc:subfield>
   </marc:datafield>
   <marc:datafield ind1=" " ind2=" " tag="300">
      <marc:subfield code="a">268 S.</marc:subfield>
   </marc:datafield>
</marc:record>
